Moeda Medio Oriente - Statistics

Estatísticas Gerais
  • Esse quiz foi jogado 18 vezes
  • A pontuação média é 10 de 15
Estatísticas das Respostas
País Cód. | Fração Moeda % Correto
Bahrein BHD | Fils Dinar
85%
Jordania JOD | Piastra Dinar
85%
Iraque IQD | Fils Dinar
85%
Kuweit KWD | Fils Dinar
85%
Palestina ILS / JOD | Agora / Piastra Novo Siclo / Dinar
77%
Turquia TRY | Centimo Lira
69%
Iemen YER | Fils Rial
69%
Oma OMR | Baisa Rial
69%
Quatar QAR | Dirame Rial
69%
Arabia Saudita SAR | Halala Rial
69%
Irao IRR | Dinar Rial
69%
Libano LBP | Piastra Libra
46%
Siria SYP | Piastra Libra
46%
EAU AED | Fils Dirame
38%
Israel ILS | Agora Novo Siclo
23%
Nenhum quiz correspondente encontrado
Distribuição das Pontuações
Porcentagem de Pessoas com Cada Pontuação
Percentil de Números Respondidos
Sua Pontuação Histórica
Você não jogou esse quiz